000 00367nam a2200133Ia 4500
008 100328s9999 xx 000 0 und d
082 _b59374
100 _aगस्ती भीमराव.
245 _aसांजवारा.
260 _bराज्ञी.
630 _aसांजवारा.
730 _aसांजवारा.
942 _cBOOK
999 _c545607
_d545604